01328njm a2200277Ia 4500001000600000003000900006005001700015008004100032040001300073040001300086041001300099100002000112100001800132100003800150245004900188250001100237260001100248260007000259300001700329300003000346500027400376505019400650511009000844650005100934700006500985H1931IT-RoPAU20220918181201.0131025s9999 xx 000 0 und d aIT-RoPAU cIT-RoPAU aITALIANO aDi Mario Angelo eAutore musica gCodice autore musica SPICS: 10868 aFantastico carnevale: a cena con le maschere a1a ed. aMILANO bMULTIMEDIA SAN PAOLOc2002 [1a Ed.:2002 - Ed. Lingua Orig.: 2002] aMUSICASSETTA c44 minuti (Testo: 0 pag.) aRecital per bambini. Lato 1: 9 brani musicali; lato 2: basi musicali. Edizione e produzione: Multimedia San Paolo Edizioni Musicali. Delegato alla produzione: Giulio Neroni. Disegni: Maria Grazia Boldorini. Grafica: Marco Animobono. Vedi spartito musicale (Cod. H1930). aFesta veneziana (1:45) - Arlecchino (3:15) - Pulcinella (2:03) - Rugantino (3:10) - Colombina (2:09) - Pierrot (3:03) - Balanzone (2:13) - Pantalone (2:33) - Il ballo delle maschere (2:46). aCoro: Le Piccole Voci di Angelo di Mario, con vari solisti diretti da Angelo Di Mario aRECITAL [CASSETTE]eCodice MATERIA SPICS: 9951 aBenassi AnnaeAutore testogCodice autore testo SPICS: 55923